[Event "EYTCC Open U18 2018"]
[Site "Bad Blankeburg"]
[Date "2018.07.14"]
[Round "3"]
[White "Roseneck, Jonas"]
[Black "Kopylov, Daniel"]
[Result "1/2-1/2"]
[WhiteElo "2182"]
[BlackElo "2272"]
[Annotator "NA"]
[PlyCount "147"]
[EventDate "2018.07.12"]
[EventType "swiss"]
[EventCountry "GER"]
[SourceTitle "playchess.com"]
[Source "ChessBase"]
[SourceQuality "1"]
[TimeControl "40/5400+30:1800+30"]

1. e4 {[%emt 0:00:00]} e6 {[%emt 0:00:00]} 2. d4 {[%emt 0:00:00]} d5 {[%emt 0:00:00]} 3. Nd2 {[%emt 0:00:00]} c5 {[%emt 0:01:42]} 4. exd5 {[%emt 0:00:03]} Qxd5 {[%emt 0:00:56]} 5. Ngf3 {[%emt 0:00:11]} cxd4 {[%emt 0:00:34]} 6. Bc4 {[%emt 0:00:13]} Qd7 {[%emt 0:00:55]} 7. O-O {[%emt 0:03:33]} Nc6 {[%emt 0:00:49]} 8. Nb3 {[%emt 0:00:25]} a6 {[%emt 0:01:17]} 9. Nbxd4 {[%emt 0:03:37]} Nxd4 {[%emt 0:00:49]} 10. Nxd4 {[%emt 0:00:48]} Qc7 {[%emt 0:00:37]} 11. Bb3 {[%emt 0:00:22]} Bd6 {[%emt 0:00:43]} 12. h3 {[%emt 0:01:12]} Ne7 {[%emt 0:01:11]} 13. Re1 {[%emt 0:08:56]} O-O {[%emt 0:02:45]} 14. c3 {[%emt 0:02:06]} Bd7 {[%emt 0:12:18]} 15. Bg5 {[%emt 0:14:40]} h6 {[%emt 0:02:41]} 16. Be3 {[%emt 0:00:19]} Rad8 {[%emt 0:01:21]} 17. Qh5 {[%emt 0:01:41]} Bh2+ {[%emt 0:14:35]} 18. Kh1 {[%emt 0:00:26]} Bf4 {[%emt 0:00:56]} 19. Qf3 {[%emt 0:13:07]} Bxe3 {[%emt 0:05:32]} 20. Qxe3 {[%emt 0:00:54]} Nc6 {[%emt 0:03:42]} 21. Nf3 {[%emt 0:13:19]} Ne7 {[%emt 0:02:23]} 22. Ne5 {[%emt 0:01:53]} Bc6 {[%emt 0:06:47]} 23. Kg1 {[%emt 0:08:42]} Nd5 {[%emt 0:02:04]} 24. Qg3 {[%emt 0:03:15]} Nf6 {[%emt 0:02:50]} 25. Rad1 {[%emt 0:08:47]} Be4 {[%emt 0:18:22]} 26. Qf4 {[%emt 0:06:10]} Rxd1 {[%emt 0:01:29]} 27. Rxd1 {[%emt 0:01:14]} Rd8 {[%emt 0:00:59]} 28. Rxd8+ {[%emt 0:01:17]} Qxd8 {[%emt 0:00:06]} 29. Ng4 {[%emt 0:00:01]} Bc6 {[%emt 0:02:27]} 30. Nxf6+ {[%emt 0:01:56]} Qxf6 {[%emt 0:00:10]} 31. Qxf6 {[%emt 0:00:32]} gxf6 {[%emt 0:00:02]} 32. g3 {[%emt 0:00:40]} Kf8 {[%emt 0:02:42]} 33. Kf1 {[%emt 0:00:18]} Ke7 {[%emt 0:00:04]} 34. Ke2 {[%emt 0:00:07]} f5 {[%emt 0:02:07]} 35. Ke3 {[%emt 0:01:53]} e5 {[%emt 0:01:28]} 36. f4 {[%emt 0:00:59]} f6 {[%emt 0:00:31]} 37. g4 {[%emt 0:01:32]} fxg4 {[%emt 0:01:22]} 38. hxg4 {[%emt 0:00:01]} Kd6 {[%emt 0:00:20]} 39. Bc2 {[%emt 0:00:23]} Bd7 {[%emt 0:02:50]} 40. Kf3 {[%emt 0:01:11]} b6 {[%emt 0:00:39]} 41. Bd3 {[%emt 0:11:47]} a5 {[%emt 0:01:31]} 42. Bc2 {[%emt 0:00:54]} Be6 {[%emt 0:04:15]} 43. a3 {[%emt 0:01:54]} Bd7 {[%emt 0:00:03]} 44. b3 {[%emt 0:01:07]} Be8 {[%emt 0:01:35]} 45. Ke3 {[%emt 0:01:52]} Bf7 {[%emt 0:01:10]} 46. b4 {[%emt 0:02:23]} Bd5 {[%emt 0:00:18]} 47. Bd3 {[%emt 0:00:19]} Bb3 {[%emt 0:01:26]} 48. c4 {[%emt 0:02:13]} Bd1 {[%emt 0:01:48]} 49. Bf5 {[%emt 0:00:07]} Ba4 {[%emt 0:00:02]} 50. Be4 {[%emt 0:00:48]} axb4 {[%emt 0:07:25]} 51. axb4 {[%emt 0:00:09]} Bd7 {[%emt 0:00:03]} 52. Kf3 {[%emt 0:00:38]} Be8 {[%emt 0:01:33]} 53. Ke3 {[%emt 0:00:28]} Bd7 {[%emt 0:00:54]} 54. Kf3 {[%emt 0:00:02]} Bc8 {[%emt 0:00:03]} 55. Kg3 {[%emt 0:00:35]} Be6 {[%emt 0:02:43]} 56. Bd3 {[%emt 0:00:06]} Bc8 {[%emt 0:00:43]} 57. Be4 $11 {[%emt 0:00:17]} Ba6 {[%emt 0:00:35]} 58. Bd5 {[%emt 0:00:26]} Bb5 {[%emt 0:03:23]} 59. Kf3 {[%emt 0:02:44]} Ba4 {[%emt 0:01:06]} 60. Bg8 {[%emt 0:03:38]} Bd1+ {[%emt 0:01:14]} 61. Kg3 {[%emt 0:00:00]} Be2 {[%emt 0:00:16]} 62. Bf7 {[%emt 0:02:54]} e4 {[%emt 0:01:48]} 63. g5 {[%emt 0:07:52]} hxg5 {[%emt 0:05:23]} 64. fxg5 {[%emt 0:00:01]} fxg5 {[%emt 0:00:02]} 65. Kf2 {[%emt 0:00:01]} Bf3 {[%emt 0:02:49]} 66. Ke3 {[%emt 0:00:00]} Ke5 {[%emt 0:00:28]} 67. c5 {[%emt 0:00:15]} bxc5 68. bxc5 g4 {[%emt 0:01:03]} 69. c6 {[%emt 0:00:01]} Kd6 {[%emt 0:01:33]} 70. Kf4 {[%emt 0:00:01]} Kxc6 {[%emt 0:00:11]} 71. Be6 {[%emt 0:00:00]} Kc5 {[%emt 0:03:01]} 72. Bxg4 {[%emt 0:00:05]} Kd4 {[%emt 0:00:13]} 73. Bxf3 {[%emt 0:00:08]} exf3 {[%emt 0:00:02]} 74. Kxf3 {[%emt 0:00:06]} 1/2-1/2

[Event "EYTCC Open U18 2018"]
[Site "Bad Blankeburg"]
[Date "2018.07.14"]
[Round "3"]
[White "Papunidi, Matvey"]
[Black "Vasiesiu, Victor"]
[Result "0-1"]
[WhiteElo "1913"]
[BlackElo "2295"]
[Annotator "NA"]
[PlyCount "118"]
[EventDate "2018.07.12"]
[EventType "swiss"]
[EventCountry "GER"]
[SourceTitle "playchess.com"]
[Source "ChessBase"]
[SourceQuality "1"]
[TimeControl "40/5400+30:1800+30"]

1. c4 {[%emt 0:00:00]} g6 {[%emt 0:00:00]} 2. Nc3 {[%emt 0:00:00]} Bg7 {[%emt 0:00:00]} 3. g3 {[%emt 0:00:00]} d6 {[%emt 0:03:17]} 4. Bg2 {[%emt 0:00:04]} e5 {[%emt 0:00:48]} 5. e3 {[%emt 0:02:03]} Nc6 {[%emt 0:10:47]} 6. Nge2 {[%emt 0:00:34]} Be6 {[%emt 0:00:10]} 7. d3 {[%emt 0:00:06]} Qd7 {[%emt 0:00:42]} 8. Nd5 {[%emt 0:08:46]} Nd8 {[%emt 0:01:42]} 9. O-O {[%emt 0:07:30]} c6 {[%emt 0:00:56]} 10. Ndc3 {[%emt 0:00:06]} h5 {[%emt 0:00:04]} 11. Ne4 {[%emt 0:08:10]} h4 {[%emt 0:21:05]} 12. c5 {[%emt 0:22:12]} dxc5 {[%emt 0:05:43]} 13. Nxc5 {[%emt 0:01:15]} Qd6 {[%emt 0:00:06]} 14. Qc2 {[%emt 0:12:24]} Ne7 {[%emt 0:02:11]} 15. Bd2 {[%emt 0:09:17]} b6 {[%emt 0:20:02]} 16. Nxe6 {[%emt 0:10:42]} Nxe6 {[%emt 0:00:17]} 17. Bb4 {[%emt 0:01:22]} Qc7 {[%emt 0:12:49]} 18. Bxe7 {[%emt 0:00:11]} Kxe7 {[%emt 0:00:06]} 19. Qxc6 {[%emt 0:10:24]} Qxc6 {[%emt 0:00:04]} 20. Bxc6 {[%emt 0:00:07]} Rac8 {[%emt 0:00:01]} 21. Rac1 {[%emt 0:00:45]} Nc5 {[%emt 0:00:16]} 22. Bb5 {[%emt 0:00:15]} a6 {[%emt 0:00:12]} 23. d4 {[%emt 0:01:22]} exd4 {[%emt 0:04:20]} 24. exd4 {[%emt 0:00:06]} axb5 {[%emt 0:00:04]} 25. dxc5 {[%emt 0:00:04]} bxc5 {[%emt 0:00:06]} 26. Nc3 {[%emt 0:00:56]} b4 {[%emt 0:03:55]} 27. Nd5+ {[%emt 0:00:52]} Ke6 {[%emt 0:00:11]} 28. Nf4+ {[%emt 0:03:06]} Kf5 {[%emt 0:00:07]} 29. Rfd1 {[%emt 0:00:53]} hxg3 {[%emt 0:01:51]} 30. hxg3 {[%emt 0:00:22]} Bd4 {[%emt 0:06:37]} 31. Nd5 {[%emt 0:00:52]} Ke4 {[%emt 0:01:13]} 32. Nb6 {[%emt 0:00:36]} Rc6 {[%emt 0:02:10]} 33. Nc4 {[%emt 0:00:17]} Rf6 {[%emt 0:00:52]} 34. Rc2 {[%emt 0:00:43]} g5 {[%emt 0:00:49]} 35. Re2+ {[%emt 0:00:33]} Kf3 {[%emt 0:01:04]} 36. Rde1 {[%emt 0:00:24]} Rfh6 {[%emt 0:00:33]} 37. Re3+ {[%emt 0:00:36]} Bxe3 {[%emt 0:00:38]} 38. Rxe3+ {[%emt 0:00:27]} Kg4 {[%emt 0:00:06]} 39. Ne5+ {[%emt 0:00:26]} Kf5 {[%emt 0:00:41]} 40. Nxf7 {[%emt 0:00:27]} Rh1+ {[%emt 0:00:25]} 41. Kg2 {[%emt 0:30:02]} R8h2+ {[%emt 0:30:12]} 42. Kf3 {[%emt 0:00:10]} g4+ {[%emt 0:00:00]} 43. Ke2 {[%emt 0:00:00]} Rc1 {[%emt 0:00:00]} 44. Nd6+ {[%emt 0:00:00]} Kg6 {[%emt 0:00:00]} 45. Re6+ {[%emt 0:00:00]} Kg7 {[%emt 0:00:00]} 46. Ne4 {[%emt 0:00:00]} Rc2+ {[%emt 0:00:00]} 47. Ke3 {[%emt 0:00:00]} Rxb2 {[%emt 0:00:00]} 48. Rc6 {[%emt 0:01:08]} Rh5 {[%emt 0:00:00]} 49. Nxc5 {[%emt 0:02:41]} Rxa2 {[%emt 0:00:00]} 50. Kf4 {[%emt 0:01:07]} Rxf2+ {[%emt 0:00:00]} 51. Kxg4 {[%emt 0:00:05]} Rh6 {[%emt 0:00:00]} 52. Rc7+ {[%emt 0:00:47]} Rf7 {[%emt 0:00:00]} 53. Rc8 {[%emt 0:00:23]} Rg6+ {[%emt 0:00:00]} 54. Kh3 {[%emt 0:00:26]} Rb6 {[%emt 0:00:00]} 55. Rd8 {[%emt 0:00:51]} b3 {[%emt 0:00:00]} 56. Rd1 {[%emt 0:00:08]} b2 {[%emt 0:00:00]} 57. Rb1 {[%emt 0:00:02]} Rf2 {[%emt 0:00:00]} 58. Na4 {[%emt 0:00:50]} Rb4 {[%emt 0:00:00]} 59. Nc5 {[%emt 0:00:13]} Rc2 0-1

[Event "EYTCC Open U18 2018"]
[Site "Bad Blankeburg"]
[Date "2018.07.15"]
[Round "4"]
[White "Keymer, Vincent"]
[Black "Subelj, Jan"]
[Result "0-1"]
[WhiteElo "2466"]
[BlackElo "2327"]
[Annotator "TA"]
[PlyCount "82"]
[EventDate "2018.07.12"]
[EventType "swiss"]
[EventCountry "GER"]
[SourceTitle "playchess.com"]
[Source "ChessBase"]
[SourceQuality "1"]

{[%evp 9,82,-16,0,0,2,8,50,-15,-22,-41,-37,-39,-48,-48,-47,-47,-29,-83,-53,-84,-59,-62,-70,-68,-58,-62,-36,-44,-43,-51,-51,-81,-67,-103,-114,-102,-85,-92,-62,-60,18,-75,-66,-74,-78,-94,-87,-112,-88,-89,-61,-41,0,-135,0,-130,-122,-263,-258,-255,-263,-343,-341,-495,-181,-271,-133,-125,-128,-159,-158,-159,-131,-159,-159]} 1. c4 e6 2. g3 d5 3. Bg2 d4 4. b4 (4. Nf3 Nf6 5. O-O c5 6. e3 Nc6 7. exd4 cxd4 8. d3 Be7 9. Re1 O-O 10. Na3 Ne8 11. Nc2 f6 12. b4 Bxb4 13. Nxb4 Nxb4 14. Qb3 Nc6 15. Ba3 Rf7 16. c5 {0-1 (51) Ding,L (2777)-Korobov,A (2652) Huaian 2017}) 4... e5 $146 ({Predecessor:} 4... c5 5. Qa4+ Bd7 6. b5 Qc7 7. f4 Be7 8. Nf3 Nh6 9. O-O O-O 10. Bb2 Rd8 11. Na3 Be8 {½-½ (40) Gonda,L (2538)-Richter,M (2470) Pardubice 2013}) 5. e3 Nf6 6. Nf3 {A13: English Opening: 1...e6} dxe3 7. fxe3 Nc6 8. O-O (8. b5 $14 Nb4 9. O-O) 8... Bxb4 $11 9. Bb2 O-O 10. Nxe5 Nxe5 11. Bxe5 Ng4 12. Bb2 Qg5 13. h4 (13. Qe2 $11) 13... Qg6 14. Nc3 Be6 15. Nd5 Bxd5 $1 16. cxd5 Bd6 17. Qf3 Ne5 18. Bxe5 Bxe5 19. Rab1 Bxg3 20. Rxb7 Qa6 21. Rb4 Bd6 22. Rb2 Qa4 23. d4 Rae8 24. Bh3 Re7 ({Better is} 24... g6 $15) 25. Be6 (25. h5 $11 {remains equal.}) 25... Qe8 $1 $17 26. Rbf2 {[#]} c5 $1 27. h5 Rc7 28. Bf5 cxd4 29. exd4 Re7 {White must now prevent ...Re3.} 30. Rg2 Re1 31. Kf2 {[#]} (31. Bxh7+ $1 $11 Kxh7 32. h6 Rxf1+ 33. Kxf1 Qb5+ 34. Kg1 Qb1+ 35. Qf1 Qxf1+ 36. Kxf1) 31... Bb4 (31... Rxf1+ $1 $17 32. Kxf1 g6) 32. Rgg1 (32. Bxh7+ $1 $11 {was the only way to keep the balance.} Kxh7 33. Rfg1 Rxg1 34. Rxg1) 32... Rxf1+ 33. Kxf1 (33. Rxf1 $17 Bd6 34. Kg2) 33... Qe1+ $19 34. Kg2 Qd2+ 35. Kh3 Re8 {And now ...Re3 would win.} ({Not} 35... Qxd4 36. Qg4 $17) 36. Rg3 (36. Qg4 {is a better defense.} Bf8 37. Be4) 36... Qxd4 $2 (36... Bd6 37. Bxh7+ Kf8) 37. Qd3 (37. d6 {keeps fighting.}) 37... Qxd3 (37... Qf6 $19 {and Black stays clearly on top. Strongly threatening ...Bd6.} 38. Bxh7+ Kh8) 38. Rxd3 $17 g6 39. hxg6 hxg6 {Black is clearly better.} 40. Bd7 Re7 41. Ba4 Re2 {Precision: White = 34%, Black = 47%.} 0-1

[Event "EYTCC Open U18 2018"]
[Site "Bad Blankeburg"]
[Date "2018.07.15"]
[Round "4"]
[White "Blohberger, Felix"]
[Black "Buckels, Valentin"]
[Result "1/2-1/2"]
[WhiteElo "2420"]
[BlackElo "2353"]
[Annotator "TA"]
[PlyCount "74"]
[EventDate "2018.07.12"]
[EventType "swiss"]
[EventCountry "GER"]
[SourceTitle "playchess.com"]
[Source "ChessBase"]
[SourceQuality "1"]

{[%evp 24,74,35,30,22,26,42,22,7,13,8,29,102,103,129,108,115,125,204,200,206,81,64,0,0,-104,-91,-106,0,0,0,0,0,0,0,0,0,0,0,0,0,0,0,0,0,0,0,0,0,0,0,0,0]} 1. e4 e5 2. Nf3 Nc6 3. Bb5 a6 4. Ba4 Nf6 5. O-O Be7 6. Re1 b5 7. Bb3 O-O 8. a4 b4 9. a5 d6 10. d3 Bg4 11. c3 {C88: Spanische Partie (Geschlossenes System)} (11. Nbd2 Nd4 12. Bc4 c5 13. h3 Bxf3 14. Nxf3 Nc6 15. Bg5 Nxa5 16. Bxf6 Bxf6 17. Bd5 Ra7 18. c3 Qb6 {½-½ (57) Barbosa,O (2538)-Wang,Y (2716) Jakarta 2011}) 11... bxc3 12. bxc3 Rb8 13. Nbd2 {LiveBook: 3 Partien. Weiß steht etwas besser.} Qc8 {[#]} 14. h3 $146 ({Vorgänger:} 14. Bc4 Na7 15. d4 Nb5 16. Qc2 Nd7 17. h3 Bh5 18. Be2 exd4 19. cxd4 {0-1 (39) Kosteniuk,A (2523)-Moradiabadi,E (2499) Paris 2008}) 14... Be6 15. Bxe6 Qxe6 16. d4 {Und d5 würde nun gewinnen.} exd4 17. cxd4 {[%cal Bc3d4,Bd4d5][%mdl 32] Droht d5 und aus.} Nb4 (17... d5 $11) 18. d5 $16 Qc8 19. Nd4 Nd7 20. Ba3 Bf6 {[#]} (20... Ne5 $16 {ist wohl besser.}) 21. N2f3 $1 $18 Nc5 {[#]} 22. e5 (22. Re3 $1 $18 {ist viel giftiger.}) 22... dxe5 $16 23. Nc6 (23. Nxe5 $14 Re8 24. Rb1 Rxe5 25. Rxe5 Bxe5 26. Bxb4) 23... Nxc6 $11 24. Bxc5 (24. Rc1 $1 $11) 24... Rd8 $36 {[%mdl 2048] Schwarz hat starke Initiative.} 25. Qa4 Nd4 (25... Rb5 $17 26. dxc6 Rxc5) 26. Nxd4 $11 {Die Stellung ist ausgeglichen.} exd4 27. Bxd4 Bxd4 28. Qxd4 Qd7 29. Rac1 Rb5 30. Qa7 Qxd5 31. Rxc7 {Td7! ist eine echte Drohung.} h6 32. Qxa6 Rxa5 33. Qc4 Qxc4 34. Rxc4 Rad5 35. g3 Rd1 36. Rxd1 Rxd1+ 37. Kg2 g6 {Precision: Weiß = 60%, Schwarz = 66%.} 1/2-1/2

[Event "EYTCC Open U18 2018"]
[Site "Bad Blankeburg"]
[Date "2018.07.15"]
[Round "4"]
[White "Janik, Igor"]
[Black "Gavrilescu, David"]
[Result "1/2-1/2"]
[WhiteElo "2420"]
[BlackElo "2451"]
[Annotator "TA"]
[PlyCount "84"]
[EventDate "2018.07.12"]
[EventType "swiss"]
[EventCountry "GER"]
[SourceTitle "playchess.com"]
[Source "ChessBase"]
[SourceQuality "1"]

{[%evp 19,84,0,-1,5,0,-1,20,9,22,0,0,0,0,0,0,-4,16,15,21,29,15,1,12,0,31,4,4,0,0,0,0,0,0,0,44,18,21,18,45,47,68,42,34,34,34,34,37,35,87,60,77,0,0,0,0,0,244,7,7,7,7,7,7,7,7,7,8]} 1. e4 e6 2. d3 d5 3. Qe2 Nc6 4. Nf3 e5 5. exd5 Qxd5 6. Nc3 {C00: French: Unusual White 2nd moves} Bb4 7. Bd2 Bxc3 8. Bxc3 Bg4 9. Qe4 Bxf3 10. Qxf3 Qxf3 {LiveBook: 8 Games} 11. gxf3 f6 12. Rg1 $146 g6 13. f4 exf4 14. Rg4 g5 15. Rxg5 fxg5 16. Bxh8 Kf7 17. Bc3 Nf6 18. Bg2 Rd8 19. Kd2 Nd5 20. Be4 h6 21. a4 a5 22. f3 b6 23. h4 Nxc3 ({Of course not} 23... gxh4 $6 24. Rh1 $16) 24. Kxc3 $11 {[%mdl 4096] Endgame KRB-KRN} Ne7 25. hxg5 hxg5 26. Rh1 Rg8 27. b4 axb4+ 28. Kxb4 Ke6 29. Rh6+ Kd7 30. c4 g4 31. fxg4 Rxg4 32. Rf6 Rh4 33. Bf3 Nc8 (33... Ng8 $14 34. Rf8 Nh6) 34. d4 Ke7 $1 {[%cal Re7f6] [#]} 35. Rf5 (35. Rc6 $1 $16) 35... Nd6 36. Re5+ Kf6 {And now ...Nf5 would win.} 37. c5 Nf7 $2 {[#]} (37... Nf5 $11 {and Black stays safe.} 38. Re4 Kg5) 38. cxb6 $2 (38. Rh5 $1 $18 {[%cal Rh5h4]} Rxh5 39. Bxh5) 38... cxb6 {The position is equal.} 39. Rb5 Ng5 $132 {[%mdl 2048] Black puts up resistance} 40. Rxb6+ Ke7 41. Bd5 {With the idea Rg6.} f3 42. Kc5 Ne4+ {Precision: White = 52%, Black = 69%.} 1/2-1/2

[Event "EYTCC Open U18 2018"]
[Site "Bad Blankeburg"]
[Date "2018.07.15"]
[Round "4"]
[White "Zarubitski, Viachaslau"]
[Black "Engel, Luis"]
[Result "0-1"]
[WhiteElo "2412"]
[BlackElo "2459"]
[Annotator "TA"]
[PlyCount "186"]
[EventDate "2018.07.12"]
[EventType "swiss"]
[EventCountry "GER"]
[SourceTitle "playchess.com"]
[Source "ChessBase"]
[SourceQuality "1"]

{[%evp 20,186,0,0,19,37,25,0,0,0,0,0,8,-14,0,-39,-46,-47,-32,-41,0,-73,-66,-130,-131,-126,-112,-149,-95,-102,0,0,49,0,125,131,128,129,148,150,142,151,147,150,216,118,301,296,260,237,357,183,168,103,122,77,88,19,19,19,18,18,20,20,20,29,95,95,95,95,95,95,95,95,95,95,95,95,95,95,95,95,95,95,95,95,155,71,71,71,143,143,143,143,143,143,143,143,143,143,143,143,143,143,4133,607,321,321,295,295,281,281,29939,281,281,281,29970,29971,29970,186,29971,29971,29970,186,186,0,29954,281,29969,29970,29970,29971,29971,186,29993,29969,29971,186,29967,0,29971,29972,29972,29972,29972,29971,29973,29964,29971,29964,29968,29965,29967,29965,29963,29966,29960,0,268,12,12,12,29975,29976,29981,29982,29982,29983,29989]} 1. e4 {Mekhitarian,K} c5 2. Nf3 d6 3. d4 cxd4 4. Nxd4 Nf6 5. Nc3 a6 6. Be3 e5 7. Nb3 Be6 8. Be2 Be7 9. Nd5 Nbd7 10. Qd3 O-O {B92: Sizilianisch (Najdorf-Variante mit 6.Le2)} 11. a4 {LiveBook: 6 Partien} Rc8 $146 ({Vorgänger:} 11... Bxd5 12. exd5 Nc5 13. Nxc5 dxc5 14. c4 Qc7 15. Qc2 Rae8 16. g4 e4 17. O-O-O Bd6 18. g5 {1-0 (40) Eljanov,P (2739)-Nepomniachtchi,I (2742) Geneva 2017 CBM 180 [Mekhitarian,K]}) 12. c4 Ng4 {Weiß steht etwas besser.} 13. Bd2 f5 14. Bxg4 fxg4 15. O-O Bg5 16. Bb4 Nf6 17. Rad1 (17. Ba5 {seems wilder.} Qe8 18. Bd2 Bf4 19. Nb6 Rc6 20. Nd5) 17... Nxd5 18. cxd5 Bf7 19. Na5 Qc7 (19... Qb6 $5 {[%cal Rb6b4]} 20. Qb3 Bh5 $11) 20. Qa3 (20. Qc3 $11 Be7 21. Qe3) 20... Bg6 $17 21. Bxd6 (21. Qc3 $15 Rf6 22. Qxc7 Rxc7 23. Rde1) 21... Qxa5 22. Bxf8 Rxf8 23. Qg3 Rf4 (23... Qxa4 24. Qxg4 Bf6 25. f3 $17) (23... h5 $142 24. Qxe5 Bf6 25. Qe6+ Kh7) 24. Qb3 Rxe4 (24... Rf7 $17 25. Rfe1 Be7) 25. d6+ $11 Bf7 26. Qxb7 Rb4 (26... Rxa4 $11 {bleibt in der Remisbreite.} 27. d7 Bd8) 27. Qc8+ $16 Qd8 28. d7 $1 Rxa4 29. Rfe1 e4 {[#]} 30. Rc1 $1 {[%mdl 512]} Rd4 (30... Bxc1 31. Qxd8+) 31. Red1 $1 {[%cal Rd1d4]} Rxd1+ 32. Rxd1 {Und Td6 würde nun gewinnen.} g6 $2 {[#]} (32... Be6 $16 {ist eine bessere Verteidigung.}) 33. Rc1 $1 $18 {[%mdl 512]} Kf8 (33... Bxc1 34. Qxd8+) 34. Rc7 Bf6 (34... e3 $142) 35. Qb7 (35. Ra7 $142 Kg7 36. Rxa6) 35... Kg7 36. Qc6 (36. Qb6 $1 $18) 36... e3 ({Aber nicht} 36... Bxb2 $2 37. Qd6 $18) 37. fxe3 {Tc8 ist eine echte Drohung.} Qe7 38. Qc5 ({Besser ist} 38. Qb6 $1 $16) 38... Qe4 $1 $11 39. Rc8 {[%csl Gc8][%cal Rc5f8]} Qb1+ 40. Kf2 {[%csl Gc8][%cal Rc5f8]} Qxb2+ 41. Qc2 {Droht Matt per Dxb2.} Qe5 $1 {[%cal Re5h2]} 42. Qd1 $36 {[%mdl 2048] Weiss hat Initiative.} Bd5 {[#]} (42... Qxh2 $11 43. d8=Q Qh4+ 44. Kg1 Bxd8 45. Rxd8 g3 46. Qd4+ Qxd4 47. Rxd4 (47. exd4 Kf6 $14) 47... Bb3) 43. Qd4 $1 $16 {[%cal Rd4e5][%mdl 512]} g3+ (43... Qxd4 44. exd4) 44. hxg3 {Weiss droht Dxe5 und Matt.} Qxd4 ({Falsch wäre} 44... Qf5+ $2 45. Qf4 $18) 45. exd4 Bxd4+ 46. Kf1 Bf6 47. d8=Q Bxd8 48. Rxd8 {[%mdl 4096] Endspiel KT-KL} Bc4+ 49. Kf2 Kf6 50. Rc8 Bd5 51. Rc5 Be4 52. g4 g5 (52... h6 $142 53. Ra5 Bd3) 53. g3 (53. Rc7 $142 $1) 53... Kg6 54. Re5 Bb7 (54... Bd3 $142 55. Rd5 Bb5 56. Rd6+ Kg7) 55. Re6+ Kf7 56. Rb6 Bd5 57. Rxa6 {Droht stark Ta5.} Be6 58. Kf3 Bd5+ 59. Ke3 {Droht Ta5 und aus.} Be6 60. Ra4 Bc8 61. Re4 h6 $2 {[%mdl 8192]} (61... Be6 $16 62. Ra4 Kf6) 62. Rc4 $1 $18 {[%cal Rc4c8]} Be6 63. Rc6 $1 Bxg4 64. Rxh6 Kg7 65. Rc6 Bh3 $2 (65... Kf7 $18 66. Ke4 Kg7) 66. Kd4 $2 (66. Kf3 Bf5 67. g4 Bg6 68. Ke3 Kf7 69. Kd4 Bb1 70. Ke5 Kg7 71. Rb6) 66... Bf5 67. Ke5 Bd3 $2 (67... Bg4 $18 68. Rf6 Kh7) 68. Rc7+ Kg6 69. Rc3 $2 (69. g4 Bb1 70. Rb7 Bc2 71. Rb2 Bd3 72. Kd4 Bf1 73. Rb6+ Kf7 74. Ke4) 69... Bb1 $2 (69... Be2 $18 70. Rc2 Bd3) 70. Rc1 Bd3 71. Kd4 $2 (71. g4 Kg7 72. Rc7+ Kg6 73. Rb7 Bc2 74. Rb2 Bd3 75. Kd4 Bf1 76. Rb6+ Kf7 77. Ke4) 71... Bf5 72. Ke5 $2 (72. Kd5 $18) 72... Bd3 $1 73. Rd1 $2 (73. g4 Kf7 74. Rc7+ Kg6 75. Rb7 Bc2 76. Rb2 Bd3 77. Kd4 Bf1 78. Rb6+ Kf7 79. Ke4) 73... Bc2 $2 (73... Be2 $18 74. Rd4 g4 75. Rd6+ Kg5) 74. Rd2 Bb1 75. Rb2 Bd3 76. Rh2 $2 (76. g4 $1 Kf7 77. Rb3 Bc2 78. Rb7+ Kg6 79. Rb2 Bd3 80. Kd4 Bf1 81. Ke4) 76... Bc2 $2 (76... Bf5 $18 77. Rh8 Bd7) 77. Rh8 Bd3 78. Rh1 $2 (78. Rg8+ Kf7 79. Rxg5 Bc4 80. g4 Ba2 81. Rf5+ Kg6 82. Kf4 Bc4 83. Rc5) 78... Bc2 $2 (78... Bf5 $18 79. Rf1 Bd3) 79. Rc1 Bd3 80. g4 $1 Kg7 81. Rd1 Bc2 82. Rd4 Kg6 83. Ke6 Kg7 84. Ke7 Kg6 85. Rd2 Be4 86. Kf8 Kf6 87. Rf2+ Kg6 88. Rd2 $2 (88. Ke7 {setzt Matt} Bb7 89. Rf8 Kg7 90. Rb8 Bf3 91. Rb4 Bd1 92. Ke6 Kg6 93. Ke5) 88... Kf6 {[#] beabsichtigt ...Ke5.} 89. Kg8 $2 (89. Re2 $1 $18 {[%cal Re2e4]} Bb7 90. Rf2+ Kg6 91. Rb2) 89... Ke5 $1 $11 90. Rf2 Bd5+ $2 {[%mdl 8192]} (90... Kd4 $11) 91. Kg7 {Weiß setzt Matt.} Be6 {[#]} 92. Re2+ $1 Kd6 {[#]} 93. Rxe6+ $1 {[%mdl 512]} Kd5 {[%mdl 32768] Precision: Weiß = 46%, Schwarz = 40%. . Sensor Board Error (Ke4/e5)?} (93... Kxe6 94. Kg6) 0-1

[Event "EYTCC Open U18 2018"]
[Site "Bad Blankeburg"]
[Date "2018.07.15"]
[Round "4"]
[White "Lagunow, Raphael"]
[Black "Stevanic, David"]
[Result "1-0"]
[WhiteElo "2411"]
[BlackElo "2253"]
[Annotator "TA"]
[PlyCount "84"]
[EventDate "2018.07.12"]
[EventType "swiss"]
[EventCountry "GER"]
[SourceTitle "playchess.com"]
[Source "ChessBase"]
[SourceQuality "1"]

{[%evp 16,84,30,10,35,28,32,30,23,16,21,-11,-12,-25,-34,-35,0,-50,-31,-31,-8,-17,-19,-20,-9,-12,0,-22,-24,-38,0,0,0,-6,7,6,14,0,5,0,0,0,63,62,63,62,67,68,56,43,84,108,101,100,106,107,285,285,223,179,282,264,325,335,372,417,374,400,360,337,327]} 1. Nf3 Nf6 2. g3 d5 3. Bg2 e6 4. O-O Be7 5. b3 O-O 6. c4 c5 7. cxd5 Nxd5 8. Bb2 Bf6 {A14: English Opening: 1...e6 with b3 by White} (8... Nc6 9. d4 cxd4 10. Nxd4 Nxd4 11. Qxd4 Bf6 12. Qd2 Nf4 13. gxf4 Qxd2 14. Nxd2 Bxb2 15. Rab1 Bf6 16. Rbc1 Rd8 17. Ne4 Be7 18. Rc7 Kf8 19. Rfc1 {1-0 (49) Kramnik,V (2792)-Mamedyarov,S (2808) Paris 2018}) 9. Nc3 {LiveBook: 7 Games} Nxc3 10. dxc3 Bd7 $146 {White has an edge.} ({Predecessor:} 10... Nc6 11. Qc2 Qc7 12. Nd2 b6 13. Rfe1 Ba6 14. a4 {½-½ (63) Huang,Q (2449)-Song,Y (2182) Tianjin 2018}) 11. Qc2 Qc7 12. Rad1 Bc6 13. e4 Nd7 14. Nd2 Rfd8 15. f4 b5 16. Rfe1 Qb7 (16... c4 $5) 17. Nf1 Nb6 18. Ba3 Be7 19. Ne3 c4 20. Bxe7 cxb3 21. Qxb3 (21. axb3 {looks sharper.} Qxe7 22. Rxd8+ Qxd8 23. Rd1 Qc7 24. Rd4) 21... Qxe7 22. Qb4 Qxb4 23. cxb4 Kf8 24. Kf2 Rxd1 (24... Rdc8 {is more complex.} 25. Rc1 a5 26. bxa5 Rxa5 27. Re2 Ra4) 25. Rxd1 Ke7 26. Nc2 a6 27. Nd4 $36 {[%mdl 2048] White fights for an advantage.} Bb7 28. Nb3 Rd8 ({Black should play} 28... Nc4 $11) 29. Rxd8 $14 Kxd8 {[%mdl 4096] Endgame KBN-KBN} 30. Nc5 Kc7 31. Ke3 Nc8 32. Kd4 Ne7 33. Nxb7 Kxb7 $16 {[#] KB-KN} 34. Kc5 $1 {[%cal Rc5d6] Kd6 is the strong threat.} Kc7 35. e5 f6 $2 (35... h6 $16 {is a better defense.}) 36. exf6 $18 gxf6 37. Bh3 f5 (37... Kd7 {was called for.} 38. Bg4 Nc8) 38. Bg2 Ng8 {[#]} 39. Kd4 $1 Kd6 {and the idea ...Ne7 leaves Black hopeful.} 40. Bb7 Ne7 {If Black can now play ...Kc7 this consolidates a bit.} 41. Bxa6 Nc6+ 42. Kc3 Na7 {Precision: White = 59%, Black = 43%.} 1-0